000
00304nam a22001337a 4500
008
171108b xxu||||| |||| 00| 0 eng d
020
_a
9780321021069
041
_a
eng
080
_2
7TH
_a
330.322
100
_a
64
101
_a
INV
245
_a
FUNDAMENTALS OF INVESTING
_c
GITMAN,L.J
942
_2
udc
_c
BK
999
_c
38234
_d
38234